000 00627nam a2200277Ia 4500
005 20260324141345.0
008 008 260324s9999 xx 000 0 eng d
020 _a9781003421429
037 _aEBOOK
040 _aCRL
040 _beng
040 _cCRL
041 _2eng
041 _aeng
084 _qCRL
100 _aGary D Allinson
_91207888
245 0 _aJapan'S Postwar History
260 _bTaylor and Francis
260 _c1997
365 _a
365 _b145
856 _uhttp://www.taylorfrancis.com/books/9781003421429
942 _cEBOOK
999 _c1810888
_d1810888